2019 Ballon d'Or Placements - Statistics

General Stats
  • This quiz has been taken 22 times
  • The average score is 25 of 30
Answer Stats
Points Club(s) Nationality Player % Correct
476 Juventus Portugal Cristiano Ronaldo
100%
89 PSG France Kylian Mbappe
100%
686 Barcelona Argentina Lionel Messi
100%
178 Liverpool Egypt Mohamed Salah
100%
44 Bayern Munich Poland Robert Lewandowski
100%
347 Liverpool Senegal Sadio Mane
100%
679 Liverpool Netherlands Virgil van Dijk
100%
14 Man City Belgium Kevin De Bruyne
95%
33 Man City Algeria Riyad Mahrez
95%
11 Liverpool Brazil Roberto Firmino
95%
4 Tottenham South Korea Son Heung-min
95%
67 Liverpool Brazil Alisson
91%
9 Atletico MadridBarcelona France Antoine Griezmann
91%
41 Man City Portugal Bernardo Silva
91%
31 AjaxBarcelona Netherlands Frenkie de Jong
91%
25 ChelseaReal Madrid Belgium Eden Hazard
86%
12 Man City Argentina Sergio Aguero
86%
5 Arsenal Gabon Pierre-Emerick Aubameyang
82%
1 Real Madrid France Karim Benzema
77%
2 Barcelona Germany Marc-Andre ter Stegen
77%
13 AjaxJuventus Netherlands Matthijs de Ligt
77%
30 Man City England Raheem Sterling
77%
8 Liverpool England Trent Alexander-Arnold
73%
3 Tottenham France Hugo Lloris
68%
0 BenficaAtletico Madrid Portugal Joao Felix
68%
1 Liverpool Netherlands Georginio Wijnaldum
64%
0 PSG Brazil Marquinhos
64%
5 Ajax Serbia Dusan Tadic
55%
2 Napoli Senegal Kalidou Koulibaly
55%
0 Ajax Netherlands Donny van de Beek
50%
No matching quizzes found
Score Distribution
Percent of People with Each Score
Percentile by Number Answered
Your Score History
You have not taken this quiz